000 00949cam a22002773a 4500
001 31202
003 PGUSA
005 20140828083656.0
008 100206s2010||||xxu|||||s|||||000 1 eng d
040 _aPGUSA
_beng
042 _adc
050 4 _aPS
100 1 _aBacon, Josephine Daskam,
_d1876-1961
245 1 4 _aThe Strange Cases of Dr. Stanchon
_h[electronic resource] /
_cJosephine Daskam Bacon
260 _bProject Gutenberg,
_c2010
505 0 _aThe key -- The children -- The crystal -- The gospel -- The gypsy -- The warning -- The legacy -- The miracle -- The unburied -- The oracles.
506 _aPublic domain in the USA.
516 _aElectronic text
653 _aPhysicians -- Fiction
653 _aNew York (N.Y.) -- Fiction
653 _aPsychotherapy patients -- Fiction
653 _aShort stories, American
830 0 _aProject Gutenberg
_v31202
856 4 0 _uhttp://www.gutenberg.org/ebooks/31202
942 _cEB
999 _c260457
_d260457